| 000 | 00830nam a2200229 a 4500 | ||
|---|---|---|---|
| 001 | 60837 | ||
| 003 | BD-RjUL | ||
| 005 | 20211209080904.0 | ||
| 008 | 500101s1962 enk 001 0 eng d | ||
| 035 | _a(BD-RjUL)60961 | ||
| 040 |
_aBD-RjUL _cBD-RjUL _dBD-RjUL _beng |
||
| 041 | _aeng | ||
| 082 |
_a378.42659 _223 _bPEA 1962 |
||
| 100 | 1 |
_a Peek, Heather E. _9181332 |
|
| 245 | 1 | 4 |
_aThe Archives of the University of Cambridge : _ban historical introduction / _cby Heather E. Peek, keeper of the Archives, and Catherine P. Hall, sometime deputy keeper of the Archives. |
| 260 |
_aCambridge : _bCambridge University Press, _cc1962. |
||
| 300 |
_avii, 89 p. : _bill. ; _c26cm. |
||
| 504 | _aIncludes bibliographies and index. | ||
| 610 | 2 | 0 |
_aUniversity of Cambridge _9181333 |
| 700 | 1 |
_aHall, Catherine P. _9181334 |
|
| 942 |
_2ddc _cBK |
||
| 999 |
_c60837 _d60837 |
||